| 000 | 00362 a2200157 4500 | ||
|---|---|---|---|
| 001 | 126826 | ||
| 020 | _a97820115605337 | ||
| 040 | _cEscola Canadense de Niteroi | ||
| 100 | _aBrillant, Corina | ||
| 245 | 1 | 0 | _aTotem 1 : cahier d'activités méthode de français A1 |
| 300 | _bil. | ||
| 362 | 0 | _a2014 | |
| 490 | 0 | _aTotem | |
| 650 | 4 | _aFrancês | |
| 942 | _cBK | ||
| 999 |
_c126826 _d126826 |
||